书目信息 |
| 题名: |
自然语言层次的伦理政治效应
|
|
| 作者: | 王堃 著 | |
| 分册: | ||
| 出版信息: | 北京 中国文联出版社 2018 |
|
| 页数: | 278页 | |
| 开本: | 24cm | |
| 丛书名: | ||
| 单 册: | ||
| 中图分类: | B222.65 | |
| 科图分类: | ||
| 主题词: | ||
| 电子资源: | ||
| ISBN: | 978-7-5190-3199-2 | |
| 000 | 01050nam0 2200253 450 | |
| 001 | 012001012326 | |
| 005 | 20141124110340.0 | |
| 010 | @a978-7-5190-3199-2@dCNY62.00 | |
| 100 | @a20181129d2018 em y0chiy50 ea | |
| 101 | 0 | @achi@deng |
| 102 | @aCN@b110000 | |
| 105 | @ay z 000yy | |
| 106 | @ar | |
| 200 | 1 | @a自然语言层次的伦理政治效应@9zi ran yu yan ceng ci de lun li zheng zhi xiao ying@e荀子“正名”伦理学的元语言研究@f王堃著 |
| 210 | @a北京@c中国文联出版社@d2018 | |
| 215 | @a278页@d24cm | |
| 300 | @a国家社科基金青年项目“儒家女性伦理研究” 由人文在线出版基金资助出版 | |
| 330 | @a本书共分6章,包括荀子“正名”思想的既有研究模式及其存在的问题;名以正人道“:伦理性与政治性作为”正名“之根本;名与实:荀子“正名”思想的语言层次等内容。 | |
| 517 | 1 | @a荀子“正名”伦理学的元语言研究@9xun zi“zheng ming”lun li xue de yuan yu yan yan jiu |
| 600 | 0 | @a荀况@f(前313-前238)@x伦理学@x思想评论@x研究 |
| 690 | @aB222.65@v5 | |
| 701 | 0 | @a王堃@9wang kun@c(女)@4著 |
| 801 | 0 | @aCN@b上海新华@c20191020 |
| 905 | @b1178922-5@dB222.65@e900@f4 | |
| 自然语言层次的伦理政治效应:荀子“正名”伦理学的元语言研究/王堃著.-北京:中国文联出版社,2018 |
| 278页;24cm |
| 国家社科基金青年项目“儒家女性伦理研究” 由人文在线出版基金资助出版 |
| ISBN 978-7-5190-3199-2:CNY62.00 |
| 本书共分6章,包括荀子“正名”思想的既有研究模式及其存在的问题;名以正人道“:伦理性与政治性作为”正名“之根本;名与实:荀子“正名”思想的语言层次等内容。 |
| ● |
| 相关链接 |
|
|
|
|
正题名:自然语言层次的伦理政治效应
索取号:B222.65/900
 
预约/预借
| 序号 | 登录号 | 条形码 | 馆藏地/架位号 | 状态 | 备注 |
| 1 | 1178922 | 211789224 | 第一样本阅览室/ [索取号:B222.65/900] | 在馆 | |
| 2 | 1178923 | 211789233 | 第一借阅区/ [索取号:B222.65/900] | 在馆 | |
| 3 | 1178924 | 211789242 | 第一借阅区/ [索取号:B222.65/900] | 在馆 | |
| 4 | 1178925 | 211789251 | 第一借阅区/ [索取号:B222.65/900] | 在馆 |